Official Languages of Countries #8 - Statistics

General Stats
  • This quiz has been taken 23 times
    16 since last reset
  • The average score is 7 of 21
Answer Stats
Country Language % Correct
Zimbabwe English
93%
Antigua and Barbuda English
93%
Italy italian
93%
Norway Norwegian
93%
Nepal Nepalese
73%
Norway Sámi
47%
Zimbabwe Xhosa
33%
Zimbabwe Ndebele
27%
Zimbabwe Sotho
27%
Zimbabwe Tswana
20%
Zimbabwe Chewa
13%
Zimbabwe Shona
13%
Zimbabwe Venda
13%
Zimbabwe Chibarwe
7%
Zimbabwe Kalanga
7%
Zimbabwe Koisan
7%
Zimbabwe Nambya
7%
Zimbabwe Ndau
7%
Zimbabwe Shangani
7%
Zimbabwe Tonga
7%
Zimbabwe Zimbabwean Sign Language
7%
No matching quizzes found
Score Distribution
Percent of People with Each Score
Percentile by Number Answered
Your Score History
You have not taken this quiz since the last reset